000 00326nam a22001337a 4500
003 macl
005 20190709153946.0
008 190709b xxu||||| |||| 00| 0 eng d
040 _cmacl
100 _aSingh, Anurag
_975885
245 _aNationalism and Social Structure
650 _aSocial Science
_975886
942 _2ddc
_cBK
999 _c60502
_d60502